Normal view
MARC view
- al-Razi, Fakhr al-Din,
Entry Personal Name
001 - CONTROL NUMBER
- control field: 2125
003 - CONTROL NUMBER IDENTIFIER
- control field: OSt
005 - DATE AND TIME OF LATEST TRANSACTION
- control field: 20170508104735.0
008 - FIXED-LENGTH DATA ELEMENTS
- fixed length control field: 170508|| aca||aabn | a|a d
040 ## - CATALOGING SOURCE
- Original cataloging agency: OSt
- Transcribing agency: OSt
100 ## - HEADING--PERSONAL NAME
- Personal name: al-Razi, Fakhr al-Din,
- Dates associated with a name: 1149-1209
- General subdivision: Views on Islamic theology
670 ## - SOURCE DATA FOUND
- Source citation: Work cat.: (OSt)0: Ceylan, Yasin 2123, Theology and tafsir in the major works of Fakhr Al-Din Al-Razi /, 1996

PORTAL AKMAL
E-MEL JKDM
AKMAL2U
G-BAM
u-PUSTAKA